Los fichajes más caros del fútbol - Laterales derechos - 2018-2019 - Estadísticas

Estadísticas generales
  • Esta prueba ha sido intentada 15 veces
  • La puntuación promedio es 4 de 10
Estadísticas de respuestas
Coste (M €) Nacionalidad Último club Nuevo club Jugador % Correcto
40,40 Portugal Valencia CF Juventus Turin João Cancelo
100%
22,00 Portugal Oporto Manchester United Diogo Dalot
86%
32,00 España Real Sociedad Real Madrid Álvaro Odriozola
79%
22,00 Portugal Oporto Leciester City Ricardo Pereira
43%
21,00 España Atlético Madrid Wolverhampton Jonny Otto
36%
12,00 Brasil Atlético Mineiro FC Barcelona Emerson Royal
21%
12,00 Francia LOSC Lille Nápoles Kévin Malcuit
21%
16,00 Francia Montpellier RB Leipzig Nordi Mukiele
21%
20,00 Alemania Bayer Leverkusen Mónaco Benjamin Henrichs
14%
12,00 Alemania Hertha Berlín Bayer Leverkusen Mitchell Weiser
7%
No se encontraron pruebas coincidentes
Distribución de puntuación
Porcentaje de gente con cada puntuación
Porcentaje por número respondido
Historial de tus puntuaciones
No has intentado esta prueba.